quiz metal/rock - Statistiques

Statistiques générales
  • Ce quiz a été pris 15 fois
  • Le résultat moyen est 3 sur 15
Statistiques - réponses
Hint Réponse % Correct
"I push my finger into my eye" Slipknot - duality
93%
"Pepperoni and green peppers, mushrooms, olive, chives" System of a down - chic n stu
43%
"I'm not a part of a redneck agenda / Now everybody, do the propaganda" Green Day - american idiot
29%
"You don't really know why / But you wanna justify rippin' someone's head off Limp Bizkit - break stuff
21%
"if I'm there to catch you when you fall, you'll have a friend in hell after all Bad Omens - if I'm there
14%
" I just got one more thing to say / Don't mess with ouija boards " Falling in Reverse - don't mess with ouija board
14%
"Reflecting on my past life and it doesn't have much time" Iron maiden - Hallowed be thy name
7%
"No need for greed or hunger / A brotherhood of man" John Lennon - imagine
7%
"Rock me, Joe" Pixies - Monkey gone to heaven
7%
"When will I know that I really can't go / To the well once more time to decide on?" Red Hot Chili Peppers - snow(hey oh)
7%
"Uncle Sam does the best he can" Status quo - in the army now
7%
"Send in your skeletons / Sing as their bones go marchin' in again " Foo Fighters - The pretender
0%
"The once and forever bloom gone with my sins " Nightwish - Nemo
0%
"Silent through the night, the Witches join the fight " Sabathon - night witches
0%
"When you're with me, baby, the skies will be blue for all my life" The Turtles - happy together
0%
Aucun quiz correspondant
Distribution des résultats
% des personnes avec chaque résultat
Percentile par nombre de réponses
Votre historique - résultats
Vous n’avez pas pris ce quiz